header

The idea of home (Record no. 218061)

MARC details
000 -LEADER
fixed length control field 01341nam a2200349Ia 4500
082 04 - DEWEY DECIMAL CLASSIFICATION NUMBER
Classification number 304.8940477
100 1# - MAIN ENTRY--AUTHOR NAME
Personal name Hughes, John,
245 14 - TITLE STATEMENT
Title The idea of home
260 ## - PUBLICATION, DISTRIBUTION, ETC. (IMPRINT)
Place of publication Artarmon, NSW :
Name of publisher Giramondo,
Year of publication 2004.
300 ## - PHYSICAL DESCRIPTION
Number of Pages xi, 207 p.
650 #0 - SUBJECT ADDED ENTRY--TOPICAL TERM
Topical Term Ukrainians
Topical Term Immigrants
Topical Term Immigrants
856 40 - ELECTRONIC LOCATION AND ACCESS
Uniform Resource Identifier http://site.ebrary.com/lib/rucke/Doc?id=10594337

No items available.

© 2026 Rongo University
Contact us: librarian | system librarian | Rongo university